[Event "46th Greek Team Championship"]
[Site "chess24.com"]
[Date "2018.07.12"]
[Round "4"]
[White "Makropoulou, Marina"]
[Black "Prokopiou, Ekaterini"]
[Result "1-0"]
[Board "5"]
[WhiteElo "2135"]
[WhiteTitle "WGM"]
[WhiteCountry "GRE"]
[WhiteFideId "4200187"]
[WhiteEloChange "2"]
[BlackElo "1661"]
[BlackCountry "GRE"]
[BlackFideId "4218710"]
[BlackEloChange "-2"]

1. e4 {[%clk 1:30:55]} c6 {[%clk 1:30:26]} 2. c4 {[%clk 1:31:18]} d5 {[%clk
1:30:44]} 3. exd5 {[%clk 1:31:37]} cxd5 {[%clk 1:30:54]} 4. cxd5 {[%clk 1:32:03]}
Nf6 {[%clk 1:31:05]} 5. Qa4+ {[%clk 1:32:16]} Bd7 {[%clk 1:29:11]} 6. Qb3 {[%clk
1:31:54]} Qc7 {[%clk 1:27:50]} 7. Nc3 {[%clk 1:32:08]} g6 {[%clk 1:24:58]} 8. Bc4
{[%clk 1:26:10]} Qc8 {[%clk 1:16:58]} 9. Nf3 {[%clk 1:22:39]} a5 {[%clk 1:15:44]}
10. a4 {[%clk 1:14:52]} Bg7 {[%clk 1:08:46]} 11. O-O {[%clk 1:14:46]} O-O {[%clk
1:08:59]} 12. Re1 {[%clk 1:13:18]} Re8 {[%clk 1:01:27]} 13. d4 {[%clk 1:05:13]}
Na6 {[%clk 0:51:32]} 14. Bf4 {[%clk 1:01:36]} Nb4 {[%clk 0:43:37]} 15. Rac1
{[%clk 1:01:25]} Qd8 {[%clk 0:26:48]} 16. h3 {[%clk 0:51:51]} Rc8 {[%clk
0:23:58]} 17. Ne5 {[%clk 0:51:18]} Qb6 {[%clk 0:15:50]} 18. Be3 {[%clk 0:23:57]}
Qd6 {[%clk 0:10:47]} 19. Nxd7 {[%clk 0:23:03]} Nxd7 {[%clk 0:11:09]} 20. Ne4
{[%clk 0:22:01]} Qb8 {[%clk 0:09:24]} 21. Nc5 {[%clk 0:18:03]} Nb6 {[%clk
0:04:43]} 22. d6 {[%clk 0:17:29]} Nxc4 {[%clk 0:05:07]} 23. d7 {[%clk 0:17:31]}
Nxe3 {[%clk 0:05:32]} 24. dxe8Q+ {[%clk 0:17:37]} Rxe8 {[%clk 0:05:59]} 25. Qxe3
{[%clk 0:16:54]} b6 {[%clk 0:05:30]} 26. Nd3 {[%clk 0:14:06]} Qd6 {[%clk
0:05:22]} 27. Rc4 {[%clk 0:07:28]} Qd5 {[%clk 0:03:53]} 28. b3 {[%clk 0:07:12]}
Nxd3 {[%clk 0:03:53]} 29. Qxd3 {[%clk 0:07:41]} e5 {[%clk 0:04:06]} 30. Qc2
{[%clk 0:05:48]} Rd8 {[%clk 0:03:20]} 31. dxe5 {[%clk 0:05:59]} Bxe5 {[%clk
0:03:32]} 32. Rc8 {[%clk 0:04:41]} Rxc8 {[%clk 0:02:39]} 33. Qxc8+ {[%clk
0:05:10]} Kg7 {[%clk 0:03:07]} 34. Qc4 {[%clk 0:03:55]} Qd6 {[%clk 0:02:57]} 35.
Qe2 {[%clk 0:03:44]} Bc3 {[%clk 0:02:18]} 36. Rd1 {[%clk 0:04:00]} Qb4 {[%clk
0:02:32]} 37. Qc4 {[%clk 0:03:57]} Qxc4 {[%clk 0:02:28]} 38. bxc4 {[%clk
0:04:25]} Bb4 {[%clk 0:02:50]} 39. Kf1 {[%clk 0:04:04]} Kf6 {[%clk 0:02:43]} 40.
Ke2 {[%clk 0:34:26]} h5 {[%clk 0:32:22]} 41. Rd5 {[%clk 0:34:15]} Bc5 {[%clk
0:31:24]} 42. g3 {[%clk 0:34:10]} Ke6 {[%clk 0:29:24]} 43. f3 {[%clk 0:32:51]} f5
{[%clk 0:27:28]} 44. Kd3 {[%clk 0:26:49]} Kf6 {[%clk 0:25:15]} 45. Rd7 {[%clk
0:22:43]} Kg5 {[%clk 0:21:36]} 46. Ke2 {[%clk 0:20:04]} Kf6 {[%clk 0:17:24]} 47.
Rb7 {[%clk 0:20:17]} Ke5 {[%clk 0:14:51]} 48. Rd7 {[%clk 0:17:35]} Ke6 {[%clk
0:14:21]} 49. Rg7 {[%clk 0:17:41]} Kf6 {[%clk 0:14:44]} 50. Rg8 {[%clk 0:17:56]}
Kf7 {[%clk 0:14:36]} 51. Rc8 {[%clk 0:18:09]} Kf6 {[%clk 0:14:12]} 52. Rc6+
{[%clk 0:18:31]} Kg5 {[%clk 0:14:11]} 53. f4+ {[%clk 0:16:27]} Kh6 {[%clk
0:13:26]} 54. Rc7 {[%clk 0:14:54]} Bd6 {[%clk 0:10:53]} 55. Rd7 {[%clk 0:14:40]}
Bc5 {[%clk 0:11:05]} 56. Rf7 {[%clk 0:14:40]} Bd6 {[%clk 0:10:34]} 57. Kf3 {[%clk
0:14:31]} Bc5 {[%clk 0:10:25]} 58. g4 {[%clk 0:13:53]} hxg4+ {[%clk 0:10:33]} 59.
hxg4 {[%clk 0:14:18]} fxg4+ {[%clk 0:10:54]} 60. Kxg4 {[%clk 0:14:44]} Bd4 {[%clk
0:10:51]} 61. f5 {[%clk 0:12:18]} gxf5+ {[%clk 0:10:41]} 62. Kxf5 {[%clk
0:12:43]} Bc5 {[%clk 0:10:53]} 63. Ke6 {[%clk 0:13:09]} Kg6 {[%clk 0:11:04]} 64.
Rf3 {[%clk 0:13:14]} Kg5 {[%clk 0:10:51]} 65. Rf5+ {[%clk 0:13:02]} 1-0

[Event "46th Greek Team Championship"]
[Site "chess24.com"]
[Date "2018.07.12"]
[Round "4"]
[White "Prokopiou, Ioannis"]
[Black "Klampatseas, Christos"]
[Result "0-1"]
[Board "8"]
[WhiteElo "1674"]
[WhiteCountry "GRE"]
[WhiteFideId "4218728"]
[WhiteEloChange "-16"]
[BlackElo "1440"]
[BlackCountry "GRE"]
[BlackFideId "4250966"]
[BlackEloChange "16"]

1. e4 {[%clk 1:30:34]} c6 {[%clk 1:30:52]} 2. d4 {[%clk 1:30:50]} d5 {[%clk
1:31:15]} 3. exd5 {[%clk 1:31:11]} cxd5 {[%clk 1:31:40]} 4. Bd3 {[%clk 1:31:34]}
Nc6 {[%clk 1:31:58]} 5. c3 {[%clk 1:31:58]} Qc7 {[%clk 1:31:57]} 6. h3 {[%clk
1:31:56]} e5 {[%clk 1:31:09]} 7. dxe5 {[%clk 1:32:04]} Nxe5 {[%clk 1:29:53]} 8.
Nf3 {[%clk 1:32:22]} Nxd3+ {[%clk 1:25:21]} 9. Qxd3 {[%clk 1:32:44]} Nf6 {[%clk
1:24:45]} 10. O-O {[%clk 1:31:12]} Be7 {[%clk 1:24:13]} 11. Bg5 {[%clk 1:30:18]}
Be6 {[%clk 1:20:39]} 12. Nbd2 {[%clk 1:28:49]} O-O {[%clk 1:18:59]} 13. Rfe1
{[%clk 1:27:10]} Rad8 {[%clk 1:09:42]} 14. Nd4 {[%clk 0:49:24]} Qb6 {[%clk
0:51:48]} 15. Qb5 {[%clk 0:16:54]} Qxb5 {[%clk 0:43:15]} 16. Nxb5 {[%clk
0:17:17]} Bc5 {[%clk 0:43:01]} 17. Bxf6 {[%clk 0:14:11]} gxf6 {[%clk 0:43:21]}
18. Nb3 {[%clk 0:14:27]} Bb6 {[%clk 0:36:40]} 19. N5d4 {[%clk 0:08:31]} Rfe8
{[%clk 0:33:46]} 20. Re3 {[%clk 0:07:45]} Bd7 {[%clk 0:29:20]} 21. Rae1 {[%clk
0:08:03]} Rxe3 {[%clk 0:23:54]} 22. Rxe3 {[%clk 0:08:29]} Re8 {[%clk 0:23:21]}
23. Rxe8+ {[%clk 0:08:52]} Bxe8 {[%clk 0:23:46]} 24. Nf5 {[%clk 0:09:09]} Kf8
{[%clk 0:20:32]} 25. Nbd4 {[%clk 0:08:48]} Bxd4 {[%clk 0:19:26]} 26. Nxd4 {[%clk
0:09:14]} Bd7 {[%clk 0:19:33]} 27. Kf1 {[%clk 0:09:24]} Ke7 {[%clk 0:19:16]} 28.
Ke2 {[%clk 0:09:08]} Kd6 {[%clk 0:18:28]} 29. Ke3 {[%clk 0:07:34]} a6 {[%clk
0:17:02]} 30. Nb3 {[%clk 0:01:18]} b6 {[%clk 0:15:16]} 31. Kd4 {[%clk 0:01:05]}
Bb5 {[%clk 0:11:34]} 32. Nd2 {[%clk 0:01:32]} Bd7 {[%clk 0:09:40]} 33. Nf1 {[%clk
0:01:16]} Bf5 {[%clk 0:08:10]} 34. Ne3 {[%clk 0:01:17]} Be6 {[%clk 0:06:36]} 35.
Ng4 {[%clk 0:00:43]} Bxg4 {[%clk 0:05:06]} 36. hxg4 {[%clk 0:01:12]} Ke6 {[%clk
0:04:16]} 37. a4 {[%clk 0:01:14]} Kd6 {[%clk 0:01:37]} 38. b4 {[%clk 0:01:15]} h6
{[%clk 0:00:54]} 39. g3 {[%clk 0:01:18]} Ke6 {[%clk 0:00:39]} 40. f3 {[%clk
0:30:35]} Kd6 {[%clk 0:30:34]} 41. b5 {[%clk 0:03:04]} a5 {[%clk 0:18:01]} 42. c4
{[%clk 0:02:14]} dxc4 {[%clk 0:17:46]} 43. Kxc4 {[%clk 0:02:42]} Ke5 {[%clk
0:17:36]} 44. Kd3 {[%clk 0:03:07]} Kd5 {[%clk 0:17:42]} 45. f4 {[%clk 0:03:17]}
Kc5 {[%clk 0:17:43]} 46. Kc3 {[%clk 0:03:37]} Kd5 {[%clk 0:17:57]} 47. Kd3 {[%clk
0:04:03]} Kc5 {[%clk 0:18:16]} 48. Ke4 {[%clk 0:01:25]} Kb4 {[%clk 0:18:37]} 49.
Kf5 {[%clk 0:01:52]} Kxa4 {[%clk 0:18:58]} 50. Kxf6 {[%clk 0:02:19]} Kxb5 {[%clk
0:19:16]} 51. Kxf7 {[%clk 0:02:46]} a4 {[%clk 0:19:42]} 52. Kg6 {[%clk 0:03:14]}
a3 {[%clk 0:20:04]} 53. Kxh6 {[%clk 0:03:42]} a2 {[%clk 0:20:22]} 54. f5 {[%clk
0:04:04]} a1Q {[%clk 0:20:46]} 55. g5 {[%clk 0:04:33]} Qh8+ {[%clk 0:20:52]} 56.
Kg6 {[%clk 0:04:59]} Kc4 {[%clk 0:21:12]} 57. Kf7 {[%clk 0:05:14]} b5 {[%clk
0:19:27]} 58. g6 {[%clk 0:05:22]} b4 {[%clk 0:18:51]} 59. g7 {[%clk 0:05:08]} Qh7
{[%clk 0:18:20]} 60. f6 {[%clk 0:03:40]} b3 {[%clk 0:12:08]} 61. Kf8 {[%clk
0:03:07]} b2 {[%clk 0:10:06]} 62. g8Q+ {[%clk 0:00:44]} Qxg8+ {[%clk 0:10:29]}
63. Kxg8 {[%clk 0:01:03]} b1Q {[%clk 0:10:50]} 64. f7 {[%clk 0:01:28]} Qg6+
{[%clk 0:11:03]} 65. Kf8 {[%clk 0:01:23]} Kd5 {[%clk 0:10:41]} 66. Ke7 {[%clk
0:01:41]} Qg7 {[%clk 0:11:04]} 67. Ke8 {[%clk 0:01:58]} Ke6 {[%clk 0:11:19]} 68.
f8N+ {[%clk 0:01:42]} Kd6 {[%clk 0:11:19]} 0-1

[Event "46th Greek Team Championship"]
[Site "chess24.com"]
[Date "2018.07.12"]
[Round "4"]
[White "Malataras, Gerasimos"]
[Black "Symeonidis, Theofilos"]
[Result "1-0"]
[Board "8"]
[WhiteElo "1823"]
[WhiteCountry "GRE"]
[WhiteFideId "4278674"]
[WhiteEloChange "4"]
[BlackElo "1605"]
[BlackCountry "GRE"]
[BlackFideId "25873806"]
[BlackEloChange "-4"]

1. d4 {[%clk 1:30:57]} Nf6 {[%clk 1:30:54]} 2. c4 {[%clk 1:31:23]} e6 {[%clk
1:31:09]} 3. Nc3 {[%clk 1:31:41]} Bb4 {[%clk 1:30:56]} 4. e3 {[%clk 1:32:01]} O-O
{[%clk 1:30:40]} 5. Ne2 {[%clk 1:32:15]} d5 {[%clk 1:31:01]} 6. a3 {[%clk
1:32:34]} Be7 {[%clk 1:31:26]} 7. cxd5 {[%clk 1:32:52]} exd5 {[%clk 1:30:48]} 8.
Nf4 {[%clk 1:33:01]} c6 {[%clk 1:31:03]} 9. Bd3 {[%clk 1:33:07]} Nbd7 {[%clk
1:30:21]} 10. O-O {[%clk 1:33:18]} Re8 {[%clk 1:20:39]} 11. f3 {[%clk 1:33:11]}
Bf8 {[%clk 1:19:06]} 12. b4 {[%clk 1:27:40]} Nb6 {[%clk 1:10:41]} 13. Bc2 {[%clk
1:13:17]} a5 {[%clk 1:01:03]} 14. Rb1 {[%clk 1:12:25]} axb4 {[%clk 0:58:47]} 15.
axb4 {[%clk 1:12:49]} Nc4 {[%clk 0:56:20]} 16. Qd3 {[%clk 1:11:42]} Na3 {[%clk
0:50:27]} 17. Bxa3 {[%clk 1:12:01]} Rxa3 {[%clk 0:50:51]} 18. Nh5 {[%clk
1:11:50]} g6 {[%clk 0:49:43]} 19. Nxf6+ {[%clk 1:12:15]} Qxf6 {[%clk 0:50:05]}
20. Nxd5 {[%clk 1:12:34]} 1-0

[Event "46th Greek Team Championship"]
[Site "chess24.com"]
[Date "2018.07.12"]
[Round "4"]
[White "Fertakis, Dimitrios"]
[Black "Tzikas, Athanasios G"]
[Result "0-1"]
[Board "10"]
[WhiteElo "1058"]
[WhiteCountry "GRE"]
[WhiteFideId "25820559"]
[WhiteEloChange "-5"]
[BlackElo "1251"]
[BlackCountry "GRE"]
[BlackFideId "25852604"]
[BlackEloChange "5"]

1. e4 {[%clk 1:30:58]} c5 {[%clk 1:30:44]} 2. Nf3 {[%clk 1:31:20]} d6 {[%clk
1:31:11]} 3. d4 {[%clk 1:31:46]} cxd4 {[%clk 1:31:35]} 4. Nxd4 {[%clk 1:32:11]}
Nf6 {[%clk 1:31:56]} 5. Nc3 {[%clk 1:32:36]} a6 {[%clk 1:32:15]} 6. Be3 {[%clk
1:32:51]} e6 {[%clk 1:32:20]} 7. Be2 {[%clk 1:33:08]} b5 {[%clk 1:32:22]} 8. Bf3
{[%clk 1:33:20]} Bb7 {[%clk 1:32:31]} 9. e5 {[%clk 1:33:17]} Nd5 {[%clk 1:32:19]}
10. Nxd5 {[%clk 1:32:20]} Bxd5 {[%clk 1:32:22]} 11. exd6 {[%clk 1:32:20]} Qxd6
{[%clk 1:31:43]} 12. O-O {[%clk 1:29:24]} Be7 {[%clk 1:29:13]} 13. Nb3 {[%clk
1:20:25]} Bc6 {[%clk 1:19:20]} 14. Bxc6+ {[%clk 1:10:18]} Nxc6 {[%clk 1:18:47]}
15. Qxd6 {[%clk 1:04:09]} Bxd6 {[%clk 1:19:08]} 16. c3 {[%clk 1:04:26]} O-O
{[%clk 1:15:30]} 17. Rad1 {[%clk 1:03:16]} Bc7 {[%clk 1:12:57]} 18. Rd2 {[%clk
1:00:54]} Rfd8 {[%clk 1:10:45]} 19. Rfd1 {[%clk 0:58:36]} Rxd2 {[%clk 1:06:19]}
20. Rxd2 {[%clk 0:58:43]} Ne5 {[%clk 1:06:19]} 21. Re2 {[%clk 0:50:58]} Rd8
{[%clk 1:01:11]} 22. Rd2 {[%clk 0:38:42]} Rxd2 {[%clk 0:57:52]} 23. Nxd2 {[%clk
0:39:04]} Ng4 {[%clk 0:58:01]} 24. Nf1 {[%clk 0:35:04]} Ne5 {[%clk 0:48:15]} 25.
Bf4 {[%clk 0:34:32]} Nf3+ {[%clk 0:47:21]} 26. gxf3 {[%clk 0:33:54]} Bxf4 {[%clk
0:47:07]} 27. Ng3 {[%clk 0:34:09]} Kf8 {[%clk 0:46:50]} 28. Ne2 {[%clk 0:33:46]}
Be5 {[%clk 0:46:19]} 29. h3 {[%clk 0:33:32]} Ke7 {[%clk 0:44:53]} 30. Kf1 {[%clk
0:33:00]} Kf6 {[%clk 0:44:14]} 31. Ng3 {[%clk 0:31:16]} Kg5 {[%clk 0:40:53]} 32.
Kg2 {[%clk 0:29:38]} f5 {[%clk 0:35:57]} 33. Ne2 {[%clk 0:27:46]} h5 {[%clk
0:27:37]} 34. Nc1 {[%clk 0:22:27]} f4 {[%clk 0:24:13]} 35. Nb3 {[%clk 0:19:46]}
Kf5 {[%clk 0:23:09]} 36. Nc5 {[%clk 0:17:59]} a5 {[%clk 0:23:15]} 37. Nb3 {[%clk
0:16:32]} a4 {[%clk 0:23:16]} 38. Nd2 {[%clk 0:16:53]} g5 {[%clk 0:22:40]} 39.
Ne4 {[%clk 0:15:29]} g4 {[%clk 0:21:06]} 40. hxg4+ {[%clk 0:45:25]} hxg4 {[%clk
0:51:26]} 41. Nd2 {[%clk 0:45:44]} a3 {[%clk 0:47:28]} 42. fxg4+ {[%clk 0:40:44]}
Kxg4 {[%clk 0:46:20]} 43. f3+ {[%clk 0:41:07]} Kf5 {[%clk 0:46:20]} 44. bxa3
{[%clk 0:41:20]} Bxc3 {[%clk 0:46:39]} 45. Ne4 {[%clk 0:41:41]} Be5 {[%clk
0:41:05]} 46. Nc5 {[%clk 0:39:52]} Bd6 {[%clk 0:38:57]} 47. Nb3 {[%clk 0:32:37]}
e5 {[%clk 0:38:18]} 48. a4 {[%clk 0:32:14]} bxa4 {[%clk 0:38:03]} 49. Nd2 {[%clk
0:32:33]} Bb4 {[%clk 0:36:29]} 50. Ne4 {[%clk 0:32:37]} Ke6 {[%clk 0:35:27]} 51.
Kf2 {[%clk 0:32:46]} Kd5 {[%clk 0:34:52]} 52. Ke2 {[%clk 0:32:56]} Kd4 {[%clk
0:34:50]} 53. Nf6 {[%clk 0:28:33]} Be7 {[%clk 0:33:27]} 54. Ne4 {[%clk 0:28:33]}
a3 {[%clk 0:32:45]} 55. Kd2 {[%clk 0:28:15]} Bb4+ {[%clk 0:32:51]} 56. Ke2 {[%clk
0:19:46]} Ba5 {[%clk 0:32:52]} 57. Nd6 {[%clk 0:18:32]} Kc3 {[%clk 0:31:45]} 58.
Nb5+ {[%clk 0:17:59]} Kb2 {[%clk 0:32:03]} 59. Kd1 {[%clk 0:17:36]} Kxa2 {[%clk
0:32:18]} 60. Kc2 {[%clk 0:18:01]} Bb4 {[%clk 0:31:03]} 61. Nc7 {[%clk 0:15:00]}
e4 {[%clk 0:30:27]} 62. fxe4 {[%clk 0:13:38]} f3 {[%clk 0:30:36]} 63. Nd5 {[%clk
0:13:58]} f2 {[%clk 0:28:43]} 64. Ne3 {[%clk 0:13:58]} Bc5 {[%clk 0:28:26]} 65.
Nf1 {[%clk 0:14:02]} Bd6 {[%clk 0:28:41]} 66. Ne3 {[%clk 0:14:19]} Be5 {[%clk
0:28:53]} 67. Nf1 {[%clk 0:14:22]} Bf4 {[%clk 0:29:20]} 68. e5 {[%clk 0:14:10]}
Bxe5 {[%clk 0:29:20]} 69. Nd2 {[%clk 0:14:06]} Bc7 {[%clk 0:29:16]} 70. Kc3
{[%clk 0:12:27]} Ba5+ {[%clk 0:29:40]} 71. Kc2 {[%clk 0:12:44]} Bxd2 {[%clk
0:30:05]} 72. Kxd2 {[%clk 0:12:59]} f1Q {[%clk 0:30:30]} 73. Ke3 {[%clk 0:13:21]}
Qd1 {[%clk 0:30:45]} 74. Ke4 {[%clk 0:13:43]} Kb2 {[%clk 0:31:10]} 75. Ke3 {[%clk
0:14:04]} a2 {[%clk 0:31:36]} 76. Ke4 {[%clk 0:14:31]} a1Q {[%clk 0:31:59]} 77.
Ke5 {[%clk 0:14:58]} Qa5+ {[%clk 0:32:22]} 78. Ke4 {[%clk 0:15:18]} Qg4+ {[%clk
0:32:44]} 79. Kd3 {[%clk 0:15:39]} Qc3# {[%clk 0:33:08]} 0-1

[Event "46th Greek Team Championship"]
[Site "chess24.com"]
[Date "2018.07.13"]
[Round "5"]
[White "Zawadzka, Jolanta"]
[Black "Antova, Gabriela"]
[Result "1/2-1/2"]
[Board "5"]
[WhiteElo "2439"]
[WhiteTitle "WGM"]
[WhiteCountry "POL"]
[WhiteFideId "1122320"]
[WhiteEloChange "-2"]
[BlackElo "2301"]
[BlackTitle "FM"]
[BlackCountry "FID"]
[BlackFideId "2915235"]
[BlackEloChange "4"]

1. e4 {[%clk 1:29:02]} c5 {[%clk 1:30:56]} 2. Nf3 {[%clk 1:29:28]} d6 {[%clk
1:31:19]} 3. d4 {[%clk 1:29:54]} cxd4 {[%clk 1:31:42]} 4. Nxd4 {[%clk 1:30:20]}
Nf6 {[%clk 1:32:03]} 5. Nc3 {[%clk 1:30:45]} a6 {[%clk 1:32:24]} 6. Be3 {[%clk
1:31:10]} e6 {[%clk 1:32:44]} 7. f3 {[%clk 1:31:33]} b5 {[%clk 1:31:49]} 8. g4
{[%clk 1:31:58]} Nfd7 {[%clk 1:26:35]} 9. Qd2 {[%clk 1:31:57]} Bb7 {[%clk
1:26:01]} 10. O-O-O {[%clk 1:32:09]} Nb6 {[%clk 1:26:00]} 11. Nb3 {[%clk
1:32:18]} N8d7 {[%clk 1:08:18]} 12. Na5 {[%clk 1:32:23]} Qc7 {[%clk 1:04:39]} 13.
Kb1 {[%clk 1:31:01]} Nc4 {[%clk 1:00:43]} 14. Nxc4 {[%clk 1:23:11]} bxc4 {[%clk
1:01:05]} 15. h4 {[%clk 1:22:42]} Rb8 {[%clk 0:53:24]} 16. Qe2 {[%clk 1:19:35]}
Bc6 {[%clk 0:42:05]} 17. Qxc4 {[%clk 1:05:34]} a5 {[%clk 0:38:05]} 18. Bc1 {[%clk
1:02:03]} Be7 {[%clk 0:35:49]} 19. Nd5 {[%clk 0:52:40]} exd5 {[%clk 0:34:05]} 20.
exd5 {[%clk 0:52:01]} Nc5 {[%clk 0:31:36]} 21. dxc6 {[%clk 0:51:43]} O-O {[%clk
0:28:09]} 22. g5 {[%clk 0:47:21]} Qxc6 {[%clk 0:21:06]} 23. Qd5 {[%clk 0:46:13]}
Qc7 {[%clk 0:21:10]} 24. Bc4 {[%clk 0:44:56]} Ne6 {[%clk 0:12:47]} 25. b3 {[%clk
0:42:58]} Rfc8 {[%clk 0:10:49]} 26. Bb2 {[%clk 0:42:34]} a4 {[%clk 0:10:18]} 27.
Bd3 {[%clk 0:32:56]} axb3 {[%clk 0:06:44]} 28. cxb3 {[%clk 0:32:19]} Qa7 {[%clk
0:05:01]} 29. Qe4 {[%clk 0:28:57]} Nf8 {[%clk 0:05:19]} 30. Rhe1 {[%clk 0:27:56]}
Ra8 {[%clk 0:05:17]} 31. a4 {[%clk 0:28:11]} Bd8 {[%clk 0:05:29]} 32. Bc4 {[%clk
0:23:17]} Ba5 {[%clk 0:05:52]} 33. Re2 {[%clk 0:23:33]} Bb4 {[%clk 0:05:24]} 34.
Qe7 {[%clk 0:22:32]} Qxe7 {[%clk 0:05:36]} 35. Rxe7 {[%clk 0:22:55]} d5 {[%clk
0:05:59]} 36. Rb7 {[%clk 0:22:58]} dxc4 {[%clk 0:06:21]} 37. Rxb4 {[%clk
0:20:52]} c3 {[%clk 0:06:50]} 38. Rc1 {[%clk 0:20:47]} cxb2 {[%clk 0:07:17]} 39.
Rxc8 {[%clk 0:21:14]} Rxc8 {[%clk 0:07:39]} 40. Kxb2 {[%clk 0:51:40]} Ne6 {[%clk
0:35:00]} 41. Rb7 {[%clk 0:43:36]} Nc5 {[%clk 0:32:08]} 42. Rb5 {[%clk 0:43:15]}
Kf8 {[%clk 0:32:01]} 43. a5 {[%clk 0:40:14]} Ke7 {[%clk 0:31:16]} 44. b4 {[%clk
0:39:34]} Nd7 {[%clk 0:30:07]} 45. Kb3 {[%clk 0:35:16]} Kd6 {[%clk 0:19:04]} 46.
Rf5 {[%clk 0:30:10]} f6 {[%clk 0:14:14]} 47. gxf6 {[%clk 0:30:21]} gxf6 {[%clk
0:13:08]} 48. Ka4 {[%clk 0:29:12]} Rc4 {[%clk 0:11:14]} 49. Rh5 {[%clk 0:24:21]}
Kc6 {[%clk 0:10:14]} 50. Kb3 {[%clk 0:20:38]} Rf4 {[%clk 0:10:34]} 51. Rxh7
{[%clk 0:19:17]} Rxf3+ {[%clk 0:09:27]} 52. Ka4 {[%clk 0:19:17]} Rf4 {[%clk
0:09:15]} 53. Rh5 {[%clk 0:17:32]} Ne5 {[%clk 0:08:42]} 54. Rh8 {[%clk 0:15:10]}
Nd3 {[%clk 0:08:05]} 55. Rb8 {[%clk 0:14:23]} Nc5+ {[%clk 0:08:24]} 56. Ka3
{[%clk 0:14:49]} Rf3+ {[%clk 0:08:50]} 57. Ka2 {[%clk 0:15:10]} Nd7 {[%clk
0:08:32]} 58. b5+ {[%clk 0:12:20]} Kc7 {[%clk 0:06:42]} 59. Ra8 {[%clk 0:12:43]}
Kb7 {[%clk 0:05:45]} 60. Rd8 {[%clk 0:13:05]} Nc5 {[%clk 0:05:33]} 61. h5 {[%clk
0:11:45]} Na4 {[%clk 0:03:16]} 62. a6+ {[%clk 0:08:17]} Kb6 {[%clk 0:02:38]} 63.
Rb8+ {[%clk 0:08:29]} Ka7 {[%clk 0:02:54]} 64. Rb7+ {[%clk 0:08:38]} Ka8 {[%clk
0:03:24]} 65. h6 {[%clk 0:08:26]} Nc3+ {[%clk 0:02:23]} 66. Kb2 {[%clk 0:06:28]}
Nxb5 {[%clk 0:02:22]} 67. h7 {[%clk 0:04:26]} Rh3 {[%clk 0:02:41]} 68. Rg7 {[%clk
0:04:07]} Nd4 {[%clk 0:02:19]} 69. Rg8+ {[%clk 0:04:25]} Ka7 {[%clk 0:02:48]} 70.
h8Q {[%clk 0:04:48]} Rxh8 {[%clk 0:03:15]} 71. Rxh8 {[%clk 0:05:14]} Kxa6 {[%clk
0:03:40]} 72. Rh6 {[%clk 0:05:41]} Kb5 {[%clk 0:03:49]} 73. Rxf6 {[%clk 0:05:59]}
Kc4 {[%clk 0:03:58]} 74. Rf4 {[%clk 0:06:22]} Kd3 {[%clk 0:04:19]} 75. Rh4 {[%clk
0:06:42]} Kc4 {[%clk 0:04:09]} 76. Rh5 {[%clk 0:07:05]} 1/2-1/2

[Event "46th Greek Team Championship"]
[Site "chess24.com"]
[Date "2018.07.13"]
[Round "5"]
[White "Lagopatis, Nikolaos"]
[Black "Dimopoulos, Dimitrios"]
[Result "1-0"]
[Board "4"]
[WhiteElo "2100"]
[WhiteTitle "CM"]
[WhiteCountry "GRE"]
[WhiteFideId "4200489"]
[WhiteEloChange "6"]
[BlackElo "1944"]
[BlackCountry "GRE"]
[BlackFideId "4213459"]
[BlackEloChange "-6"]

1. e4 {[%clk 1:30:20]} e5 {[%clk 1:30:27]} 2. Nf3 {[%clk 1:30:24]} Nf6 {[%clk
1:30:26]} 3. d3 {[%clk 1:28:15]} Nc6 {[%clk 1:28:52]} 4. Be2 {[%clk 1:28:17]} d5
{[%clk 1:25:46]} 5. Nbd2 {[%clk 1:28:34]} Be7 {[%clk 1:24:15]} 6. O-O {[%clk
1:28:36]} O-O {[%clk 1:23:58]} 7. c3 {[%clk 1:28:45]} h6 {[%clk 1:21:27]} 8. b4
{[%clk 1:27:32]} a6 {[%clk 1:09:36]} 9. Bb2 {[%clk 1:23:39]} Bg4 {[%clk 0:57:56]}
10. a3 {[%clk 1:17:58]} Re8 {[%clk 0:51:28]} 11. Re1 {[%clk 1:11:35]} Bf8 {[%clk
0:46:55]} 12. Qc2 {[%clk 1:07:27]} Qd7 {[%clk 0:40:09]} 13. Rad1 {[%clk 1:07:00]}
Rad8 {[%clk 0:39:27]} 14. Qb1 {[%clk 0:50:08]} Qc8 {[%clk 0:34:49]} 15. Nf1
{[%clk 0:43:26]} dxe4 {[%clk 0:29:07]} 16. dxe4 {[%clk 0:43:34]} Rxd1 {[%clk
0:25:55]} 17. Rxd1 {[%clk 0:43:18]} Rd8 {[%clk 0:25:12]} 18. Ne3 {[%clk 0:27:48]}
Rxd1+ {[%clk 0:18:47]} 19. Qxd1 {[%clk 0:27:42]} Be6 {[%clk 0:11:56]} 20. Qc2
{[%clk 0:24:00]} Nd7 {[%clk 0:10:16]} 21. Bc4 {[%clk 0:19:38]} Nb6 {[%clk
0:07:28]} 22. Bxe6 {[%clk 0:18:43]} Qxe6 {[%clk 0:07:44]} 23. c4 {[%clk 0:18:15]}
f6 {[%clk 0:04:23]} 24. Nd5 {[%clk 0:16:55]} Qc8 {[%clk 0:03:27]} 25. h3 {[%clk
0:14:56]} Nd7 {[%clk 0:02:47]} 26. Qd3 {[%clk 0:11:04]} Nd8 {[%clk 0:02:38]} 27.
Nh4 {[%clk 0:10:13]} c6 {[%clk 0:02:39]} 28. Ne3 {[%clk 0:08:13]} Ne6 {[%clk
0:02:47]} 29. c5 {[%clk 0:07:19]} Qc7 {[%clk 0:01:56]} 30. Nhf5 {[%clk 0:04:19]}
g6 {[%clk 0:01:46]} 31. Qb3 {[%clk 0:03:55]} Kf7 {[%clk 0:01:36]} 32. Nh4 {[%clk
0:03:50]} g5 {[%clk 0:01:30]} 33. Nhf5 {[%clk 0:04:08]} h5 {[%clk 0:01:29]} 34.
Nc4 {[%clk 0:03:44]} Be7 {[%clk 0:01:25]} 35. Nce3 {[%clk 0:03:21]} Nf8 {[%clk
0:01:42]} 36. Nxe7 {[%clk 0:02:49]} Qxe7 {[%clk 0:01:38]} 37. Nf5 {[%clk
0:02:59]} Qd7 {[%clk 0:01:50]} 38. Nd6+ {[%clk 0:03:16]} Kg6 {[%clk 0:01:57]} 39.
Qd1 {[%clk 0:02:27]} Qc7 {[%clk 0:01:01]} 40. Bc1 {[%clk 0:32:09]} Qd7 {[%clk
0:31:21]} 41. Be3 {[%clk 0:29:58]} Nd8 {[%clk 0:23:24]} 42. Qf3 {[%clk 0:18:32]}
Qe6 {[%clk 0:03:31]} 43. Bxg5 {[%clk 0:13:08]} Nf7 {[%clk 0:02:56]} 44. Nxf7
{[%clk 0:10:06]} Qxf7 {[%clk 0:03:07]} 45. Qf5+ {[%clk 0:07:50]} Kg7 {[%clk
0:03:26]} 46. Be3 {[%clk 0:07:47]} Ne6 {[%clk 0:02:35]} 47. g3 {[%clk 0:05:45]}
Nf8 {[%clk 0:02:07]} 48. Kg2 {[%clk 0:05:34]} Ne6 {[%clk 0:01:55]} 49. h4 {[%clk
0:04:55]} Nf8 {[%clk 0:02:12]} 50. Qc8 {[%clk 0:05:03]} Ne6 {[%clk 0:01:32]} 51.
Kg1 {[%clk 0:03:31]} Qe7 {[%clk 0:01:27]} 52. Kf1 {[%clk 0:03:23]} Qf7 {[%clk
0:01:34]} 53. Ke1 {[%clk 0:03:03]} Nd4 {[%clk 0:00:50]} 54. Kf1 {[%clk 0:02:34]}
Ne6 {[%clk 0:00:50]} 55. Kg2 {[%clk 0:02:36]} Qe7 {[%clk 0:01:11]} 56. Qb8 {[%clk
0:02:18]} Qd7 {[%clk 0:01:11]} 57. Qd6 {[%clk 0:02:16]} Qxd6 {[%clk 0:00:35]} 58.
cxd6 {[%clk 0:02:42]} Kf7 {[%clk 0:00:48]} 59. f4 {[%clk 0:02:47]} exf4 {[%clk
0:00:43]} 60. gxf4 {[%clk 0:03:09]} f5 {[%clk 0:00:55]} 61. exf5 {[%clk 0:02:58]}
1-0